Sports Quiz

Random Sports or Football Quiz

Premier League hat-trick scorers Part 1 Quiz Stats

 Plays Quiz not verified by Sporcle

Support Sporcle.
Go Orange.
Score 0/10 Timer 10:00
0 Plays Today
% Correct
Chris Armstrong
70.2%
Michael Bridges
70.2%
Duncan Ferguson
66.7%
Gianluca Vialli
64.9%
Steffen Iversen
63.2%
Dean Holdsworth
61.4%
Nick Barmby
50.9%
Chris Bart-Williams
38.6%
Gavin Peacock
29.8%
Andy Sinton
28.1%

You're not logged in!

Compare scores with friends on all Sporcle quizzes.
OR
Log In

From the Vault

Artists with Parallel #1 Song & Album

by jmsr525

These musicians really knew how to seize the moment.
Remove Ads.
Support Sporcle.
Get the best of Sporcle when you Go Orange. This ad-free experience offers more features, more stats, and more fun while also helping to support Sporcle. Thank you for becoming a member.

Show Comments

Extras

Top Quizzes Today


Score Distribution

Your Account Isn't Verified!

In order to create a playlist on Sporcle, you need to verify the email address you used during registration. Go to your Sporcle Settings to finish the process.

Report this User

Report this user for behavior that violates our Community Guidelines.

Details: